00926nam a2200241Ia 4500001000600000003000900006008004100015040001300056040001300069041001300082100002000095100002900115245002800144245005700172250001100229260001400240260001200254260004900266300005600315500026800371650001400639650003100653A4830IT-RoPAU130308s9999 xx 000 0 und d aIT-RoPAU cIT-RoPAU aITALIANO aCasalegno Paolo gCodice Aut. SPICS: 35447 aParadigma di Frege (Il) bIntroduzione Alla Filosofia Analitica del Linguaggio a1a ed. aROMA/BARI bLaterza c1992 [1° Ed.:1992 - Ed.Ling.Originale:1992] a"38 p. (prefazione: no ; testo: 38 [pagine: 3-40])" aGottlob Frege (1848/1925). Linguaggio Naturale e Ideografia. Senso e Significato dei termini Singolari. pensieri e Valori di Verità. Concetti. Composizionalità. Problema delle Descrizioni Definite: Frege e Russell. Significato e Senso Indiretti. Bibliografia. aSEMANTICA eCodice materia Spics: 3301